| 000 | 00640nam a2200229Ia 4500 | ||
|---|---|---|---|
| 005 | 20250425162832.0 | ||
| 008 | 250425s9999 xx 000 0 und d | ||
| 020 | _a9788491131861 | ||
| 041 | _aspa | ||
| 044 | _asp | ||
| 100 | _aMARTIN ZURRO, A | ||
| 245 | 0 | _aATENCION PRIMARIA: PRINCIPIOS, ORGANIZACIÓN Y METODOS EN MEDICINA DE FAMIIA | |
| 250 | _a8A ED. | ||
| 264 |
_aEspaña, BARCELONA _bELSEVIER _c2019. |
||
| 300 | _a435 | ||
| 650 | _aATENCION PRIMARIA DE LA SALUD | ||
| 650 | _aORGANIZACION Y METODOS EN MEDICINA DE FAMILIA | ||
| 700 | _aCANO PEREZ, J F | ||
| 700 | _aGENE BADIA, J | ||
| 942 | _c01 | ||
| 010 | _a111217 | ||
| 999 |
_c237400 _d237400 |
||